00864cam a2200217 a 4500008004100000020002200041100002100063245014200084246002800226260003800254300003400292500002000326504004100346650006300387650005600450650006000506650005300566003000100619005001700620040000900637  a1555704271 (pbk.)1 aChampelli, Lisa.14aThe youth cybrarian's guide to developing instructional, curriculum-related, summer reading, and recreational programs /cLisa Champelli.18aYouth cybrarian's guide aNew York :bNeal-Schuman,cc2002. axxi, 189 p. :bill. ;c28 cm. aIncludes index. aIncludes bibliographical references. 0aYoung adults' librariesxActivity programszUnited States. 0aInternet in young adults' librarieszUnited States. 0aChildren's librariesxActivity programszUnited States. 0aInternet in children's librarieszUnited States.20230123125347.0 cNUST